00436 2200169 4500245005500000020002100055250000900076100003000085700002300115650001800138005001900156260003900175041001400214084000800228300002100236336000900257 aThe Little PrincecExupéry-Saint De AntoinehText a978-1-85326-1589 a1987 aExupéry-Saint De Antoine aIrene Testot-ferry aFiksi Inggris a20240906123842 aInggrisbWordsworth Editionsc1995 aIndonesia a823 a109 hlm :c20 cm atext